000 00444nam a2200169Ia 4500
003 GCL
008 140319s9999 xx 000 0 eng d
040 _aGCL /
_cGCL
082 0 4 _a340.59
_bM R
100 1 _aMALLATM CHIBLI
245 1 0 _aTHE RENEWAL OF ISLAMIC LAW /
_cMALLATM CHIBLI
260 _a[S.N] :
_bCAMBRIDGE UNIVERSITY PRESS ،
_c1994
300 _a245 P
650 0 4 _aISLAMIC LAW
650 0 4 _aLAW - LEGISLATION
942 _2ddc
_cBK
999 _c23811
_d23811